Death of a hero : (Record no. 87496)

MARC details
000 -LEADER
fixed length control field 00504nam a22001817a 4500
005 - DATE AND TIME OF LATEST TRANSACTION
control field 20140821105100.0
010 ## - LCCN (DPL NO)
LC control number ENG-110586
020 ## - INTERNATIONAL STANDARD BOOK NUMBER
Terms of availability 150.00
International Standard Book Number 8170173299
035 ## - SYSTEM CONTROL NUMBER
System control number EN-94118
037 ## - SOURCE OF ACQUISITION
Source of stock number/acquisition DBAD/PUB
082 ## - DEWEY DECIMAL CLASSIFICATION NUMBER
Classification number N
100 ## - MAIN ENTRY--PERSONAL NAME
Personal name Anand, Mulk Raj
245 ## - TITLE STATEMENT
Title Death of a hero :
Statement of responsibility, etc by Mulk Raj Anand
Remainder of title epitaph for Maqbool Sherwani /
260 ## - PUBLICATION, DISTRIBUTION, ETC. (IMPRINT)
Place of publication, distribution, etc New Delhi
Name of publisher, distributor, etc Abhinav Publications
Date of publication, distribution, etc (201?)
270 ## - ADDRESS
City New Delhi
Postal code 110016
Address E-37, Hauz Khas
300 ## - PHYSICAL DESCRIPTION
Extent 85p.
Dimensions 23cm(Hb)
942 ## - ADDED ENTRY ELEMENTS (KOHA)
Source of classification or shelving scheme Dewey Decimal Classification
Item type English Books
Call number suffix ANA
Classification part N
Holdings
Withdrawn status Lost status Not for loan Collection code Home library Current library Date acquired Source of acquisition Cost, normal purchase price Full call number Barcode Copy number Cost, replacement price Koha item type
    Not For Loan Fiction D.B.Act.Division D.B.Act.Division 30/07/2014 DBAD/PUB 150.00 N ANA EN-94118 1 150.00 English Books

© Delhi Public Library
Hit Counter
free hit counter